000 00463nam a2200205Ia 4500
008 210210b1877 xxu||||| |||| 00| 0 eng d
041 _aeng
082 _a920/18
100 _aCREASY (E)
245 _aFifteen decisive battles of the world
260 _aLondon
_bRhujuvatu Prakshana
_c1877
650 _aworld
650 _athe
650 _aof
650 _aFifteen
650 _adecisive
650 _abattles
690 _aTravel
906 _a024760
999 _c150382
_d150382